00436nam a2200133 a 450000100100000000500170001000800410002704000250006824500310009326000360012430000190016095201060017999900170028500003215520200930063457.0110713s19uu dr 000 0 spa d aDO-SdBNPbspacBNPHU00aRomance de la ocupación. a[Santo Domingo :bs.n.,c196?]. a6 p. ;c23 cm. 00107-18PDaPDbPDcOId2011-07-13iLF1l0o p32155-10r2020-06-25w2020-06-25yLFPDZNo se presta c31646d31646